Tanks of WW1 Quiz - Statistics

General Stats
  • This quiz has been taken 167 times
  • The average score is 4 of 8
Answer Stats
Picture Answer % Correct
Mark IV
87%
Renault FT
68%
Little willie
55%
St. Chamond
40%
Mark A Whippet
30%
A7V Sturmpanzerwagen
28%
Fiat 2000
27%
Schneider CA1
15%
No matching quizzes found
Score Distribution
Percent of People with Each Score
Percentile by Number Answered
Your Score History
You have not taken this quiz